Semillas y cantares: historia de las religiosas de los SS.CC. en Chile, 1838-1998
Gespeichert in:
| 1. Verfasser: | |
|---|---|
| Format: | Buch |
| Sprache: | Spanisch |
| Veröffentlicht: |
Santiago
Pehuén Editores
2002
|
| Ausgabe: | 1a. ed |
| Schlagworte: | |
| Tags: |
Tag hinzufügen
Keine Tags, Fügen Sie den ersten Tag hinzu!
|
MARC
| LEADER | 00000cam a2200000 a 4500 | ||
|---|---|---|---|
| 001 | UCE2402 | ||
| 003 | CL-VaPUC | ||
| 008 | 140703e20021100cl |||||||||||||||||spa|d | ||
| 020 | |a 9561603608 | ||
| 082 | 0 | 4 | |a 255.9 |b PER |2 21 |
| 100 | |a Pérez Walker, María del Carmen |e autora |9 745045 | ||
| 245 | 1 | 0 | |a Semillas y cantares: historia de las religiosas de los SS.CC. en Chile, 1838-1998 |
| 250 | |a 1a. ed | ||
| 300 | |a 200 p | ||
| 942 | |c BK | ||
| 945 | |d 20140703 14:09:00 |a dcastane | ||
| 260 | |a Santiago |b Pehuén Editores |c 2002 | ||
| 650 | 7 | |a ORDENES RELIGIOSAS DE MUJERES |2 CL-VaPUC |9 563071 | |
| 650 | 0 | |a Iglesia Católica |9 256114 | |
| 583 | |a last modification |c 20140703 14:09:00 |k Rodrigo Vera | ||
| 999 | |c 356003 |d 356001 | ||